50 villes les plus peuplées des Bouches-du-Rhône (13) - Statistiques

Statistiques générales
  • Ce quiz a été pris 10 fois
  • Le résultat moyen est 14 sur 50
Statistiques - réponses
nombre d'habitant ville % Correct
149 695 Aix-en-Provence
100%
886 040 Marseille
100%
51 811 Arles
90%
44 292 Istres
80%
47 529 Aubagne
70%
33 692 Marignane
70%
48 298 Martigues
70%
44 194 Salon-de-Provence
70%
36 758 Vitrolles
70%
38 477 La Ciotat
50%
6 661 Cassis
40%
15 862 Fos-sur-Mer
30%
21 597 Gardanne
30%
26 203 Miramas
30%
11 632 Plan-de-Cuques
30%
14 145 Saint-Martin-de-Crau
30%
21 443 Allauch
20%
13 037 Auriol
20%
13 832 Berre-l'Étang
20%
16 545 Châteaurenard
20%
6 579 Gémenos
20%
9 915 Lançon-Provence
20%
22 537 Les Pennes-Mirabeau
20%
11 085 Pélissanne
20%
15 802 Port-de-Bouc
20%
8 573 Port-Saint-Louis-du-Rhône
20%
9 599 Saint-Rémy-de-Provence
20%
11 995 Septèmes-les-Vallons
20%
15 396 Tarascon
20%
15 381 Bouc-Bel-Air
10%
10 240 Cabriès
10%
6 873 Carnoux-en-Provence
10%
18 455 Châteauneuf-les-Martigues
10%
8 479 Éguilles
10%
10 337 Fuveau
10%
10 343 Gignac-la-Nerthe
10%
9 039 La Fare-les-Oliviers
10%
10 024 Lambesc
10%
12 576 Rognac
10%
8 915 Roquevaire
10%
8 676 Saint-Chamas
10%
6 730 Saint-Victoret
10%
7 574 Sausset-les-Pins
10%
10 946 Trets
10%
8 941 Velaux
10%
8 418 Venelles
10%
7 119 Eyguières
0%
6 605 La Penne-sur-Huveaune
0%
6 747 Meyreuil
0%
6 925 Sénas
0%
Aucun quiz correspondant
Distribution des résultats
% des personnes avec chaque résultat
Percentile par nombre de réponses
Votre historique - résultats
Vous n’avez pas pris ce quiz